Die Bernauer Manuskripte Über das Zeitbewusstsein (1917/18).

Guardat en:
Dades bibliogràfiques
Autor principal: Husserl, Edmund (verfasser)
Altres autors: Bernet, Rudolf (herausgegeben), Lohmar, Dieter (herausgegeben)
Format: Desconegut
Idioma:anglès
Publicat: Dordrecht, Netherlands: Kluwer Academic Publishers, 2001.
Col·lecció:Husserliana,
Matèries:
Etiquetes: Afegir etiqueta
Sense etiquetes, Sigues el primer a etiquetar aquest registre!

MARC

LEADER 00000 a2200000 4500
003 CL-VaPUC
005 20250429164609.0
008 250429b ||||| |||| 00| 0 eng d
999 |c 449194  |d 449192 
020 |a 0-7923-6956-4 
040 |c Pontificia Universidad Católica de Valparaíso 
082 |2 22  |a 146.4 HUS 2001 
100 |a Husserl, Edmund  |9 864480  |e verfasser 
245 |a Die Bernauer Manuskripte Über das Zeitbewusstsein (1917/18). 
260 |a Dordrecht, Netherlands:  |b Kluwer Academic Publishers,  |c 2001. 
300 |a LI, 461 páginas. 
490 |a Husserliana,  |n  xxxiii. 
583 |k Yessy Sthefany Díaz Vidal  |c 20250429 
600 0 |9 461219  |a Russell, Bertrand,  |d 1872-1970  |v Manuscritos  |x Conciencia del tiempo 
650 0 |9 256519  |a Fenomenología  |x Tiempo  |x Filosofía analítica moderna 
700 |9 902467  |a Bernet, Rudolf  |e herausgegeben 
700 |9 902468  |a Lohmar, Dieter  |e herausgegeben 
942 |n 1  |2 ddc  |c BK 
952 |0 0  |1 0  |2 ddc  |4 0  |6 146_400000000000000_HUS_2001  |7 0  |8 A  |9 602772  |a BIBEDU  |b BIBEDU  |d 2025-04-28  |e 59  |g 192845.00  |i 5667316  |o 146.4 HUS 2001  |p 5667316  |r 2025-04-28  |t 1  |v 192845.00  |w 2025-04-28  |y BK  |k FIL